000 00698nab a2200229u 4500
001 07368
003 HDC
007 c| |||a|c|aaaa
008 210128b20160506my ||||| |||| 00| 0 eng d
040 _aHDC
245 0 _aFood safety and food security
336 _atext
_2rdacontent
337 _acomputer
_2rdamedia
338 _aonline resource
_2rdacarrier
650 _aFood safety
_9504
650 _aFood security
_94086
710 _aNew Straits Times
856 _zRequest full-text at [email protected]
942 _2lcc
942 _cNEWS
942 _kNWSC 001381
999 _c4692
_d4692